01224nam a22002777a 4500003000900000008004100009020001800050040007100068082001800139100002700157245011600184260018400300300002600484440003100510505004900541650001600590650002500606650001500631650001300646700002600659700002200685700001900707710007800726710007500804710006700879AR-CdUCM190325b ||||| |||| 00| 0 spa d a9972-691-58-6 aMUNICIPALIDAD PROVINCIAL DEL CUSCOcBIBLIOTECA MUNICIPAL DEL CUSCO a363.82 /bL47 aLeopold Mayer, Charles aNutrición y políticas públicas :bpropuestas para un nuevo enfoque de las problemáticas alimentarias /  aParis :aCusco :bEdiciones Charles Léopold Mayer,bAlianza por un Mundo Responsable, Plural y Solidario,bCentro de Estudios Regionales Andinos Bartolomé de las Casas,c2003. a106 paginas ;c17 cm. aDebate para otro Futuron5 aContenido:Situación actual -- Nutrición  aNutrición aPolitica Nutricional aLiteratura aSiglo XX aLe Bihan, Geneviève aDelpeuch, Francis aMaire, Bernard aFundación Charles Léopold Mayer para el Progreso del Hombre (París) aCentro de Estudios Regionales Andinos Bartolomé de Las Casas (Cusco) aAlianza por un Mundo Responsable, Plural y Solidario (París)